[Event "85th Tata Steel Challengers 2023"]
[Site "Wijk aan Zee"]
[Date "2023.01.20"]
[Round "10.4"]
[White "Ivic, Velimir"]
[Black "Supi, Luis Paulo"]
[Result "0-1"]
[WhiteElo "2585"]
[BlackElo "2608"]
[Annotator "TA"]
[PlyCount "156"]
[EventDate "2023.01.10"]
[EventType "tourn"]
[EventCountry "NED"]
[SourceTitle "playchess.com"]
[Source "ChessBase"]
[SourceQuality "1"]

1. e4 c5 2. Nf3 d6 3. d4 cxd4 4. Nxd4 Nf6 5. Nc3 a6 6. Be3 e5 7. Nb3 Be7 8. f3 h5 9. Qd2 Nbd7 10. a4 Nf8 11. Be2 Ng6 12. a5 Be6 13. Nd5 Bxd5 14. exd5 Qd7 15. c4 O-O 16. O-O h4 17. Rfd1 h3 18. g3 e4 19. f4 Ng4 20. Bd4 Bf6 21. Bf1 Bxd4+ 22. Nxd4 Nf6 23. Ra3 Rfe8 24. Re1 Rab8 25. b4 Qg4 26. Qd1 Qc8 27. Nc2 Ne7 28. Qd2 Qd7 29. Ne3 Red8 30. Qf2 Re8 31. Qb2 Ng6 32. Qd4 Ne7 33. Qb2 Ng6 34. Rd1 Ne7 35. Qd2 Red8 36. Qc3 Ng6 37. Qe1 Re8 38. Rc1 Red8 39. Rb1 Re8 40. Rd1 Red8 41. c5 Ne7 42. Rc3 Rbc8 43. Rcc1 Rb8 44. cxd6 Nc8 45. Rc7 Qxd6 46. Rc5 Qd7 47. g4 Nd6 48. Bxh3 b6 49. axb6 Rxb6 50. Rdc1 Nfe8 51. Rc6 Rdb8 52. Rxb6 Rxb6 53. Bf1 Qb7 54. Rb1 Nc7 55. Qd2 Kh7 56. Rc1 Nce8 57. Rb1 Nc7 58. Qd4 Kg8 59. Rc1 Rxb4 60. Qc5 Nce8 61. Bxa6 Qb8 62. Bf1 Rb1 63. Rxb1 Qxb1 64. Kf2 Qb2+ 65. Be2 Qa1 66. Nd1 Qf6 67. Kg3 Qe7 68. Qd4 Qc7 69. h4 Nf6 70. Nc3 Nh5+ 71. Kf2 Nxf4 72. Bf1 Qe7 73. g5 Ng6 74. h5 Nh4 75. Qd2 Qe5 76. Ke2 Nc4 77. Qc1 Qh2+ 78. Kd1 Nb2+ 0-1

[Event "84th Tata Steel Challengers 2022"]
[Site "Wijk aan Zee"]
[Date "2022.01.26"]
[Round "10.4"]
[White "Murzin, Volodar"]
[Black "Van Foreest, Lucas"]
[Result "1/2-1/2"]
[WhiteElo "2519"]
[BlackElo "2530"]
[Annotator "TA"]
[PlyCount "85"]
[EventDate "2022.01.15"]
[EventType "tourn"]
[EventCountry "NED"]
[SourceTitle "playchess.com"]
[Source "ChessBase"]
[SourceQuality "1"]

1. e4 e5 2. Nf3 Nc6 3. Bb5 a6 4. Ba4 Nf6 5. O-O b5 6. Bb3 Bb7 7. d3 Bc5 8. c3 d6 9. Bg5 h6 10. Bh4 Bb6 11. Nbd2 g5 12. Bg3 Nh7 13. a4 O-O 14. Re1 Kh8 15. Nf1 Ne7 16. Ne3 Bxe3 17. fxe3 f5 18. exf5 Nxf5 19. Bf2 Bxf3 20. Qxf3 Nd4 21. Qd1 Nxb3 22. Qxb3 Qd7 23. e4 Nf6 24. axb5 axb5 25. Rxa8 Rxa8 26. d4 Kg7 27. c4 bxc4 28. Qxc4 Ng4 29. Bg3 Re8 30. h3 Nf6 31. dxe5 dxe5 32. Bf2 Re7 33. Bc5 Rf7 34. Qe2 Qe6 35. Kh2 Nd7 36. Bb4 Nf6 37. Bc3 Re7 38. Rf1 Nd7 39. Qb5 Rf7 40. Rd1 Kh7 41. Qe2 Rg7 42. Qf3 Rf7 43. Qe2 1/2-1/2

[Event "82nd Tata Steel Masters 2020"]
[Site "Wijk aan Zee"]
[Date "2020.01.22"]
[Round "10.5"]
[White "Caruana, Fabiano"]
[Black "Firouzja, Alireza"]
[Result "1-0"]
[WhiteElo "2822"]
[BlackElo "2723"]
[Annotator "TA"]
[PlyCount "95"]
[EventDate "2020.01.11"]
[EventType "tourn"]
[EventCountry "NED"]
[SourceTitle "playchess.com"]
[Source "ChessBase"]
[SourceQuality "1"]

1. d4 Nf6 2. c4 g6 3. Nc3 Bg7 4. e4 d6 5. h3 O-O 6. Be3 Nc6 7. d5 Ne5 8. f4 Ned7 9. g4 c6 10. Nf3 cxd5 11. cxd5 b6 12. Nd4 Nc5 13. Qf3 Bb7 14. g5 Nfxe4 15. Nxe4 Bxd5 16. Nf6+ exf6 17. Qxd5 Re8 18. Nc2 fxg5 19. O-O-O gxf4 20. Bd4 Bxd4 21. Qxd4 Ne6 22. Qd2 Qf6 23. Kb1 Rac8 24. Bb5 Red8 25. Nb4 d5 26. Rhf1 Rc5 27. a4 d4 28. Nd3 Rf5 29. Rf3 g5 30. Rg1 Kf8 31. h4 h6 32. hxg5 hxg5 33. Rh3 f3 34. Bc4 Ke7 35. Bxe6 Kxe6 36. Qh2 f2 37. Rf1 Kd7 38. Rh6 Qe7 39. Rxf2 Rxf2 40. Qxf2 Kc8 41. a5 bxa5 42. Qc2+ Kb8 43. Nc5 Rd6 44. Rh8+ Rd8 45. Qb3+ Kc7 46. Qb7+ Kd6 47. Rh6+ f6 48. Ne4+ 1-0

[Event "84th Tata Steel Masters 2022"]
[Site "Wijk aan Zee"]
[Date "2022.01.26"]
[Round "10.5"]
[White "Caruana, Fabiano"]
[Black "Rapport, Richard"]
[Result "0-1"]
[WhiteElo "2792"]
[BlackElo "2763"]
[Annotator "TA"]
[PlyCount "84"]
[EventDate "2022.01.15"]
[EventType "tourn"]
[EventCountry "NED"]
[SourceTitle "playchess.com"]
[Source "ChessBase"]
[SourceQuality "1"]

1. c4 e6 2. Nc3 Nf6 3. e4 c5 4. e5 Ng8 5. d4 cxd4 6. Qxd4 Nc6 7. Qf4 d6 8. Nf3 Nh6 9. exd6 Bxd6 10. Qg5 Qxg5 11. Bxg5 f5 12. O-O-O Bc5 13. Ne5 Nf7 14. Nxc6 bxc6 15. Be3 Bxe3+ 16. fxe3 Ke7 17. Be2 g5 18. Na4 h5 19. Nc5 h4 20. g4 Ne5 21. Rd4 Nxg4 22. Bxg4 e5 23. Rd2 fxg4 24. Nd3 Rh6 25. Nxe5 Re6 26. Nxg4 Re4 27. Nf2 Rxc4+ 28. Rc2 Rxc2+ 29. Kxc2 Be6 30. Rg1 Rf8 31. Nd3 g4 32. Nf4 Bf5+ 33. Kd2 Rd8+ 34. Ke2 Kf6 35. b3 a5 36. Ke1 Ke5 37. Ng2 Rh8 38. Nf4 g3 39. Rg2 Be4 40. Rd2 h3 41. a3 Rd8 42. Rb2 Bf3 0-1

[Event "85th Tata Steel Masters 2023"]
[Site "Wijk aan Zee"]
[Date "2023.01.25"]
[Round "10.5"]
[White "Caruana, Fabiano"]
[Black "Erigaisi Arjun"]
[Result "1/2-1/2"]
[WhiteElo "2766"]
[BlackElo "2722"]
[Annotator "TA"]
[PlyCount "77"]
[EventDate "2023.01.10"]
[EventType "tourn"]
[EventCountry "NED"]
[SourceTitle "playchess.com"]
[Source "ChessBase"]
[SourceQuality "1"]

1. e4 e5 2. Nf3 Nc6 3. Bb5 a6 4. Ba4 Nf6 5. O-O Be7 6. d3 b5 7. Bb3 d6 8. a4 Bd7 9. c3 O-O 10. Bc2 Re8 11. Re1 h6 12. Nbd2 Bf8 13. Nf1 d5 14. exd5 Nxd5 15. Ng3 b4 16. Bd2 bxc3 17. bxc3 Nf6 18. a5 Rb8 19. Ba4 Bd6 20. h3 Ne7 21. Bc2 Ng6 22. Rb1 Rxb1 23. Qxb1 Bc6 24. Ne4 Nxe4 25. dxe4 Bc5 26. Be3 Bxe3 27. Rxe3 Nf4 28. Kh2 Qd6 29. g3 Ne6 30. Bd3 Nc5 31. Be2 g6 32. h4 h5 33. Qb4 Kg7 34. Nd2 Re6 35. Nf3 Re8 36. Nd2 Ba4 37. Nf3 Bc6 38. Nd2 Ba4 39. Nf3 1/2-1/2

[Event "85th Tata Steel Challengers 2023"]
[Site "Wijk aan Zee"]
[Date "2023.01.20"]
[Round "10.5"]
[White "Tabatabaei, M. Amin"]
[Black "Beerdsen, Thomas"]
[Result "1-0"]
[WhiteElo "2686"]
[BlackElo "2515"]
[Annotator "TA"]
[PlyCount "75"]
[EventDate "2023.01.10"]
[EventType "tourn"]
[EventCountry "NED"]
[SourceTitle "playchess.com"]
[Source "ChessBase"]
[SourceQuality "1"]

1. d4 d5 2. c4 c6 3. Nf3 Nf6 4. e3 Bf5 5. Nc3 e6 6. Nh4 Bg6 7. Qb3 Qc7 8. Bd2 Ne4 9. Nxe4 Bxe4 10. cxd5 cxd5 11. f3 Bg6 12. Rc1 Nc6 13. Bb5 Be7 14. Nxg6 hxg6 15. Qa4 Kd7 16. Ba5 Qd6 17. a3 Rac8 18. Bb4 Qb8 19. Bxc6+ Rxc6 20. Rxc6 bxc6 21. Kf2 Bxb4 22. axb4 Rc8 23. h4 Rc7 24. Rc1 Qb5 25. Qxb5 cxb5 26. Rxc7+ Kxc7 27. Kg3 Kd6 28. Kg4 f6 29. h5 gxh5+ 30. Kxh5 Ke7 31. Kg6 Kf8 32. g4 Kg8 33. f4 a6 34. g5 fxg5 35. fxg5 Kf8 36. Kh7 Kf7 37. g6+ Kf6 38. b3 1-0

[Event "84th Tata Steel Challengers 2022"]
[Site "Wijk aan Zee"]
[Date "2022.01.26"]
[Round "10.5"]
[White "Warmerdam, Max"]
[Black "Maurizzi, Marc`Andria"]
[Result "1/2-1/2"]
[WhiteElo "2599"]
[BlackElo "2496"]
[Annotator "TA"]
[PlyCount "93"]
[EventDate "2022.01.15"]
[EventType "tourn"]
[EventCountry "NED"]
[SourceTitle "playchess.com"]
[Source "ChessBase"]
[SourceQuality "1"]

1. d4 Nf6 2. c4 e6 3. g3 d5 4. Bg2 Be7 5. Nf3 O-O 6. b3 b6 7. O-O Bb7 8. Bb2 Nbd7 9. Nc3 c5 10. Ne1 Ne4 11. cxd5 exd5 12. Rc1 Bf6 13. Nf3 Re8 14. e3 a5 15. Re1 cxd4 16. Nxd4 Ndc5 17. Rc2 Qd7 18. Nce2 Be5 19. Nf3 Bxb2 20. Rxb2 Ba6 21. Nc1 a4 22. Rc2 axb3 23. axb3 Bb7 24. b4 Ne6 25. Ne2 Qa4 26. Qb1 Rec8 27. Rb2 Qa3 28. Rd1 h6 29. Nfd4 Nxd4 30. Rxd4 Rc7 31. Rd1 Qa4 32. Re1 Qa3 33. h4 Rc4 34. Rb3 Qa2 35. Rb2 Qa3 36. Rb3 Qa2 37. Rb2 Qa3 38. Rd1 Ra4 39. Rd3 Qa1 40. Rd1 Qa3 41. Rb3 Rcxb4 42. Rxa3 Rxb1 43. Rxb1 Rxa3 44. Rxb6 Ra1+ 45. Kh2 Nxf2 46. Rxb7 Ng4+ 47. Kh3 1/2-1/2

[Event "82nd Tata Steel Challengers 2020"]
[Site "Wijk aan Zee"]
[Date "2020.01.22"]
[Round "10.5"]
[White "Smeets, Jan"]
[Black "Grandelius, Nils"]
[Result "1/2-1/2"]
[WhiteElo "2585"]
[BlackElo "2673"]
[Annotator "TA"]
[PlyCount "84"]
[EventDate "2020.01.11"]
[EventType "tourn"]
[EventCountry "NED"]
[SourceTitle "playchess.com"]
[Source "ChessBase"]
[SourceQuality "1"]

1. e4 e5 2. Nf3 Nc6 3. d4 exd4 4. Nxd4 Qf6 5. Nxc6 Bc5 6. Qf3 bxc6 7. Nc3 d6 8. Bd3 Bd4 9. Bd2 Rb8 10. Qxf6 Nxf6 11. b3 O-O 12. f3 Nd7 13. O-O-O Ne5 14. Be2 f5 15. Rhf1 Re8 16. exf5 Bxf5 17. g4 Bd7 18. h3 Ng6 19. Bc4+ d5 20. Bd3 Ne5 21. Ba6 Ng6 22. Ne2 Bc5 23. Be1 Rb6 24. Bd3 Ne5 25. Nf4 Be3+ 26. Bd2 Bxd2+ 27. Kxd2 Rb4 28. Ng2 c5 29. Be2 Bc6 30. Rde1 a5 31. f4 Ng6 32. Bd3 Rxe1 33. Rxe1 Kf7 34. a3 Rb8 35. f5 Ne7 36. Nf4 a4 37. bxa4 c4 38. Bf1 Bxa4 39. Ne6 Rb2 40. Rc1 Ra2 41. Kc3 Rxa3+ 42. Kd4 Ra2 1/2-1/2

[Event "83rd Tata Steel Masters 2021"]
[Site "Wijk aan Zee"]
[Date "2021.01.27"]
[Round "10.6"]
[White "Duda, Jan-Krzysztof"]
[Black "Van Foreest, Jorden"]
[Result "1/2-1/2"]
[WhiteElo "2743"]
[BlackElo "2671"]
[Annotator "TA"]
[PlyCount "52"]
[EventDate "2021.01.16"]
[EventType "tourn"]
[EventCountry "NED"]
[SourceTitle "playchess.com"]
[Source "ChessBase"]
[SourceQuality "1"]

1. d4 Nf6 2. c4 g6 3. Nf3 Bg7 4. e3 O-O 5. Be2 d6 6. Nc3 e5 7. dxe5 dxe5 8. Nxe5 Qe7 9. Nf3 Rd8 10. Qb3 a5 11. O-O a4 12. Nxa4 Ne4 13. Nd4 Nc6 14. Nxc6 bxc6 15. Bf3 Bf5 16. c5 h5 17. Qb4 Qe6 18. Bd1 Be5 19. f3 Qe7 20. Qe1 Nxc5 21. Nxc5 Qxc5 22. a4 Rab8 23. Qf2 Qa5 24. Ra3 Qc5 25. Ra1 Qa5 26. Ra3 Qc5 1/2-1/2

[Event "85th Tata Steel Masters 2023"]
[Site "Wijk aan Zee"]
[Date "2023.01.25"]
[Round "10.6"]
[White "Gukesh D"]
[Black "Praggnanandhaa R"]
[Result "1-0"]
[WhiteElo "2725"]
[BlackElo "2684"]
[Annotator "TA"]
[PlyCount "79"]
[EventDate "2023.01.10"]
[EventType "tourn"]
[EventCountry "NED"]
[SourceTitle "playchess.com"]
[Source "ChessBase"]
[SourceQuality "1"]

1. c4 c5 2. Nf3 Nf6 3. Nc3 Nc6 4. d4 cxd4 5. Nxd4 e6 6. a3 Be7 7. e4 O-O 8. Nf3 Qa5 9. Bd2 Qh5 10. Rg1 d5 11. g4 Nxg4 12. cxd5 exd5 13. Nxd5 Bc5 14. Qe2 f5 15. Nf4 Qf7 16. Rg2 Qe7 17. e5 Ncxe5 18. O-O-O Bd6 19. Bc3 Nxf3 20. Qxf3 Be6 21. h3 Be5 22. Nxe6 Qxe6 23. hxg4 Bxc3 24. bxc3 Rad8 25. gxf5 Rxd1+ 26. Qxd1 Qa2 27. Bd3 Re8 28. Rg4 Qxa3+ 29. Kd2 Qb2+ 30. Qc2 Qb6 31. Qa2+ Kh8 32. Rd4 Qh6+ 33. Kc2 Qh2 34. Qf7 Qxf2+ 35. Kb3 Rg8 36. Bc4 Rb8 37. Qe7 h5 38. Qg5 Qf3 39. Rh4 Qd1+ 40. Kb2 1-0

[Event "84th Tata Steel Masters 2022"]
[Site "Wijk aan Zee"]
[Date "2022.01.26"]
[Round "10.6"]
[White "Esipenko, Andrey"]
[Black "Van Foreest, Jorden"]
[Result "1-0"]
[WhiteElo "2714"]
[BlackElo "2702"]
[Annotator "TA"]
[PlyCount "119"]
[EventDate "2022.01.15"]
[EventType "tourn"]
[EventCountry "NED"]
[SourceTitle "playchess.com"]
[Source "ChessBase"]
[SourceQuality "1"]

1. e4 e5 2. Nf3 Nc6 3. Bc4 Nf6 4. d3 Bc5 5. Nc3 h6 6. Be3 Bb6 7. Nd5 d6 8. h3 Bxe3 9. fxe3 Na5 10. Nxf6+ Qxf6 11. Bb3 Nxb3 12. axb3 O-O 13. O-O Qe7 14. Qe1 f5 15. exf5 Rxf5 16. Qb4 c5 17. Qe4 Be6 18. Nh4 Rg5 19. Qf3 a6 20. e4 Rd8 21. Rf2 Kh7 22. Kh2 Qc7 23. Qe2 a5 24. Raf1 b5 25. Rf8 a4 26. bxa4 bxa4 27. c4 Qe7 28. Qf3 Bg8 29. Rxd8 Qxd8 30. Qf8 Qa5 31. Rf2 Be6 32. Re2 a3 33. bxa3 Qxa3 34. Qxd6 Bxc4 35. dxc4 Qg3+ 36. Kh1 Qxh4 37. Qxc5 Qf4 38. Qe3 Qf1+ 39. Kh2 Rg6 40. c5 Rc6 41. Rc2 Qd1 42. Qf2 Qd3 43. Qf5+ Rg6 44. Rf2 Qc3 45. Rf3 Qxc5 46. h4 h5 47. Rg3 Qd6 48. Rg5 Qc6 49. g3 Qa6 50. Kh3 Qc6 51. Rxh5+ Kg8 52. Qxe5 Rd6 53. Qc5 Qd7+ 54. Qf5 Re6 55. Qd5 Qxd5 56. exd5 Re4 57. Rg5 Rd4 58. h5 Rd3 59. Kh4 Kf7 60. Rf5+ 1-0

[Event "82nd Tata Steel Masters 2020"]
[Site "Wijk aan Zee"]
[Date "2020.01.22"]
[Round "10.6"]
[White "Dubov, Daniil"]
[Black "Giri, Anish"]
[Result "1/2-1/2"]
[WhiteElo "2683"]
[BlackElo "2768"]
[Annotator "TA"]
[PlyCount "43"]
[EventDate "2020.01.11"]
[EventType "tourn"]
[EventCountry "NED"]
[SourceTitle "playchess.com"]
[Source "ChessBase"]
[SourceQuality "1"]

1. Nf3 d5 2. d4 Nf6 3. c4 e6 4. Nc3 c5 5. Bg5 cxd4 6. Nxd4 Be7 7. cxd5 Nxd5 8. Bxe7 Nxe7 9. Ndb5 Nec6 10. g3 Qxd1+ 11. Rxd1 Na6 12. Bg2 Ke7 13. O-O Rd8 14. a3 Bd7 15. Nd6 Rab8 16. Rd2 Be8 17. Rfd1 Nc5 18. Nxe8 Rxd2 19. Rxd2 Rxe8 20. Nb5 Rc8 21. Rc2 Na4 22. Nd4 1/2-1/2

[Event "82nd Tata Steel Challengers 2020"]
[Site "Wijk aan Zee"]
[Date "2020.01.22"]
[Round "10.6"]
[White "Ganguly, Surya Shekhar"]
[Black "Nihal Sarin"]
[Result "1/2-1/2"]
[WhiteElo "2636"]
[BlackElo "2618"]
[Annotator "TA"]
[PlyCount "47"]
[EventDate "2020.01.11"]
[EventType "tourn"]
[EventCountry "NED"]
[SourceTitle "playchess.com"]
[Source "ChessBase"]
[SourceQuality "1"]

1. e4 e5 2. Nf3 Nc6 3. Bb5 a6 4. Ba4 Nf6 5. O-O Be7 6. Re1 b5 7. Bb3 O-O 8. h3 Bb7 9. d3 d6 10. a3 Qd7 11. Nc3 Nd8 12. d4 exd4 13. Nxd4 Re8 14. Nf5 Ne6 15. Qf3 c5 16. Nd5 Nxd5 17. exd5 c4 18. dxe6 fxe6 19. Nh6+ gxh6 20. Qg4+ Kf7 21. Qh5+ Kg8 22. Qg4+ Kf7 23. Qh5+ Kg8 24. Qg4+ 1/2-1/2

[Event "85th Tata Steel Challengers 2023"]
[Site "Wijk aan Zee"]
[Date "2023.01.20"]
[Round "10.6"]
[White "Mishra, Abhimanyu"]
[Black "Vaishali, Rameshbabu"]
[Result "1/2-1/2"]
[WhiteElo "2559"]
[BlackElo "2425"]
[Annotator "TA"]
[PlyCount "155"]
[EventDate "2023.01.10"]
[EventType "tourn"]
[EventCountry "NED"]
[SourceTitle "playchess.com"]
[Source "ChessBase"]
[SourceQuality "1"]

1. e4 c5 2. Nf3 e6 3. c3 Nf6 4. Bd3 Nc6 5. Bc2 d5 6. e5 Nd7 7. d4 b6 8. O-O Ba6 9. Re1 cxd4 10. cxd4 Nb4 11. Ba4 Nd3 12. Re3 Nxc1 13. Qxc1 Rc8 14. Qd1 g6 15. Nc3 Bh6 16. Re1 O-O 17. Bb5 Rxc3 18. Bxa6 Rc7 19. Qe2 Qe7 20. h4 Nb8 21. Bd3 Nc6 22. a3 Na5 23. Ba6 Rb8 24. g3 Nc4 25. Bb5 Ra8 26. Nh2 a6 27. Bxc4 Rxc4 28. Rad1 b5 29. Ng4 Bg7 30. Qf3 h6 31. Qf4 Kh7 32. h5 Qg5 33. hxg6+ Qxg6 34. Kg2 Rc2 35. Rh1 Qe4+ 36. Qxe4+ dxe4 37. Rde1 Rxb2 38. Rxe4 Rd8 39. Rf4 Rd7 40. d5 exd5 41. Nf6+ Bxf6 42. Rxf6 Kg7 43. Rxa6 Re2 44. Rh5 Re7 45. Rb6 R2xe5 46. Rxe5 Rxe5 47. Rxb5 Kf6 48. Kf3 Kg5 49. a4 f5 50. a5 Re4 51. Rxd5 Ra4 52. Kg2 Ra2 53. Kf3 Ra3+ 54. Ke2 h5 55. Rc5 Kg4 56. Kd2 Ra2+ 57. Ke3 Kg5 58. Rb5 Kg4 59. Rd5 Kg5 60. Rc5 Kg4 61. Rd5 Kg5 62. f3 Ra3+ 63. Ke2 Ra2+ 64. Kd3 Ra3+ 65. Kc4 Rxf3 66. Rd3 Rf1 67. Rd4 Rg1 68. Rd8 Rc1+ 69. Kb5 Rb1+ 70. Kc6 Rc1+ 71. Kd6 Ra1 72. Rg8+ Kf6 73. Ra8 f4 74. gxf4 h4 75. a6 h3 76. Rh8 Rxa6+ 77. Kd5 Kf5 78. Rxh3 1/2-1/2

[Event "84th Tata Steel Challengers 2022"]
[Site "Wijk aan Zee"]
[Date "2022.01.26"]
[Round "10.6"]
[White "Vogel, Roven"]
[Black "L'Ami, Erwin"]
[Result "1/2-1/2"]
[WhiteElo "2452"]
[BlackElo "2622"]
[Annotator "TA"]
[PlyCount "126"]
[EventDate "2022.01.15"]
[EventType "tourn"]
[EventCountry "NED"]
[SourceTitle "playchess.com"]
[Source "ChessBase"]
[SourceQuality "1"]

1. d4 Nf6 2. c4 e6 3. Nf3 d5 4. Nc3 Nbd7 5. Bg5 c6 6. cxd5 exd5 7. Qc2 h6 8. Bh4 Be7 9. e3 Nh5 10. Bxe7 Qxe7 11. O-O-O Nhf6 12. Kb1 Nb6 13. Bd3 Be6 14. h3 Nfd7 15. Nd2 O-O-O 16. f4 g6 17. Rhe1 Kb8 18. g4 Nf6 19. Nb3 Rhe8 20. a3 Ne4 21. Bxe4 dxe4 22. Nc5 Bd5 23. b3 f5 24. Rg1 Bf7 25. Kb2 Na8 26. Na2 Nc7 27. gxf5 gxf5 28. Qd2 Rg8 29. Qb4 Nd5 30. Na6+ Kc8 31. Qxe7 Nxe7 32. N6b4 Bh5 33. Rc1 Bf3 34. Nc3 Bg2 35. Nc2 h5 36. h4 Rg4 37. Ne1 Bh3 38. Rh1 Rg3 39. Nc2 Bg4 40. Rcg1 Rxg1 41. Rxg1 Ng6 42. Rh1 Bf3 43. Rh3 b6 44. Ne1 Bg4 45. Rh2 Kc7 46. a4 a5 47. Nc2 Ne7 48. Rd2 Ng6 49. Rh2 Bf3 50. d5 cxd5 51. Nd4 Kb7 52. Ncb5 Ne7 53. Rc2 Rd7 54. Nxf3 exf3 55. Nd4 Rd6 56. Nxf3 Nc6 57. Rg2 Re6 58. Rg7+ Kc8 59. Nd4 Nxd4 60. exd4 Re4 61. Rg5 Rxf4 62. Rxh5 Rxd4 63. Rxf5 Rxh4 1/2-1/2

[Event "83rd Tata Steel Masters 2021"]
[Site "Wijk aan Zee"]
[Date "2021.01.27"]
[Round "10.7"]
[White "Harikrishna, Pentala"]
[Black "Tari, Aryan"]
[Result "1/2-1/2"]
[WhiteElo "2732"]
[BlackElo "2625"]
[Annotator "TA"]
[PlyCount "103"]
[EventDate "2021.01.16"]
[EventType "tourn"]
[EventCountry "NED"]
[SourceTitle "playchess.com"]
[Source "ChessBase"]
[SourceQuality "1"]

1. e4 e5 2. Nf3 Nc6 3. Bb5 a6 4. Ba4 Nf6 5. O-O Bc5 6. c3 b5 7. Bc2 d5 8. d3 O-O 9. Bg5 dxe4 10. dxe4 h6 11. Bh4 Qxd1 12. Rxd1 g5 13. Bg3 Bg4 14. Nbd2 Nh5 15. b4 Bb6 16. Bd3 Rad8 17. Be2 Nxg3 18. hxg3 Rd6 19. Nf1 Rxd1 20. Rxd1 Be6 21. Ra1 g4 22. N3d2 Ne7 23. c4 Bd4 24. Rc1 c6 25. Nb3 Rb8 26. Nfd2 bxc4 27. Bxc4 Rxb4 28. Bxe6 fxe6 29. Kf1 Kf7 30. Ke2 Ra4 31. Rc2 Kf6 32. Nc4 Rb4 33. f4 gxf3+ 34. gxf3 Ba7 35. Kd3 Rb8 36. Rh2 Rh8 37. Rh5 Bf2 38. g4 Ng6 39. Kc2 Bd4 40. Nba5 c5 41. a3 Kg7 42. Nc6 Rf8 43. Rh3 Rc8 44. N6a5 Rf8 45. Nb3 Nf4 46. Rh2 Kg6 47. Nbd2 Rb8 48. Nf1 Kg5 49. Nfd2 Kg6 50. Nb3 Rf8 51. Nba5 Kg7 52. Nb3 1/2-1/2

[Event "82nd Tata Steel Masters 2020"]
[Site "Wijk aan Zee"]
[Date "2020.01.22"]
[Round "10.7"]
[White "Yu, Yangyi"]
[Black "So, Wesley"]
[Result "1/2-1/2"]
[WhiteElo "2726"]
[BlackElo "2765"]
[Annotator "TA"]
[PlyCount "93"]
[EventDate "2020.01.11"]
[EventType "tourn"]
[EventCountry "NED"]
[SourceTitle "playchess.com"]
[Source "ChessBase"]
[SourceQuality "1"]

1. e4 e5 2. Nf3 Nc6 3. Nc3 Nf6 4. d4 exd4 5. Nxd4 Bb4 6. Nxc6 bxc6 7. Bd3 d5 8. exd5 O-O 9. O-O Bg4 10. f3 Bh5 11. Bg5 cxd5 12. Bxf6 Qxf6 13. Nxd5 Qxb2 14. Rb1 Bc5+ 15. Kh1 Qe5 16. f4 Bxd1 17. fxe5 Bg4 18. h3 Bd7 19. Rb7 Rac8 20. Rxc7 Rfd8 21. Rf4 Be6 22. Ne7+ Bxe7 23. Rxe7 Bxa2 24. Rxa7 Be6 25. Ra5 g6 26. Kg1 Rc7 27. Kf2 Bb3 28. Bxg6 Bxc2 29. Bh5 Bg6 30. Bf3 Rdc8 31. h4 Rc5 32. Rfa4 Bc2 33. Ra3 Bf5 34. Bd5 Kg7 35. Ke3 Rxa5 36. Rxa5 Re8 37. Kf4 Be6 38. Bxe6 Rxe6 39. Ra7 h5 40. Ra3 f6 41. Re3 Kg6 42. Rg3+ Kh6 43. Kf5 Rxe5+ 44. Kxf6 Re4 45. Rg6+ Kh7 46. Rg7+ Kh6 47. Rg6+ 1/2-1/2

[Event "84th Tata Steel Masters 2022"]
[Site "Wijk aan Zee"]
[Date "2022.01.26"]
[Round "10.7"]
[White "Dubov, Daniil"]
[Black "Grandelius, Nils"]
[Result "0-1"]
[WhiteElo "2720"]
[BlackElo "2672"]
[Annotator "TA"]
[PlyCount "164"]
[EventDate "2022.01.15"]
[EventType "tourn"]
[EventCountry "NED"]
[SourceTitle "playchess.com"]
[Source "ChessBase"]
[SourceQuality "1"]

1. Nf3 c5 2. e4 d6 3. Bb5+ Bd7 4. Bxd7+ Nxd7 5. c3 Ngf6 6. Qe2 e6 7. d4 cxd4 8. cxd4 d5 9. e5 Bb4+ 10. Bd2 Bxd2+ 11. Nbxd2 Ng8 12. O-O-O Ne7 13. Kb1 Nc6 14. h4 Qb6 15. Qe3 Rc8 16. h5 h6 17. g4 Qb5 18. Rc1 O-O 19. a3 Ne7 20. Nh4 Nb6 21. Ka2 Nc4 22. Qb3 Qa6 23. Nhf3 Rc6 24. Qd3 Qb5 25. Qb3 Qa6 26. Qd3 Rfc8 27. Rc3 Nxd2 28. Qxd2 Rxc3 29. bxc3 Qc4+ 30. Kb2 Qb5+ 31. Ka2 Qc4+ 32. Kb2 Rc6 33. Qc2 Rb6+ 34. Kc1 Ra6 35. Kb2 Rb6+ 36. Kc1 Qb3 37. Qxb3 Rxb3 38. Kc2 Rxa3 39. Kb2 Ra4 40. Nd2 Nc6 41. Nb3 b5 42. Rc1 Na5 43. Nd2 b4 44. cxb4 Rxb4+ 45. Kc3 Nc6 46. Kd3 Nxd4 47. Rc8+ Kh7 48. Rc7 a5 49. Rxf7 Nc6 50. f4 a4 51. Rc7 Rb6 52. Rc8 a3 53. Ra8 Nb4+ 54. Kc3 Na6 55. Nb3 a2 56. Na1 Rb1 57. Nc2 a1=Q+ 58. Nxa1 Rxa1 59. f5 exf5 60. gxf5 Rc1+ 61. Kd2 Rf1 62. f6 Nc5 63. Ra7 Kg8 64. Rxg7+ Kf8 65. Rc7 Ne6 66. Rb7 Ng5 67. Ke3 Rf5 68. Rb8+ Kf7 69. Rb7+ Kf8 70. Rb8+ Kf7 71. Rb7+ Ke8 72. Re7+ Kf8 73. Kd4 Nf7 74. Kxd5 Rxh5 75. Ke4 Rg5 76. Kf4 Nh8 77. Ke4 Ng6 78. Rh7 Rxe5+ 79. Kd4 h5 80. Rg7 Rg5 81. Rh7 Ne5 82. Rg7 Nf7 0-1

[Event "85th Tata Steel Masters 2023"]
[Site "Wijk aan Zee"]
[Date "2023.01.25"]
[Round "10.7"]
[White "Van Foreest, Jorden"]
[Black "Keymer, Vincent"]
[Result "1/2-1/2"]
[WhiteElo "2681"]
[BlackElo "2696"]
[Annotator "TA"]
[PlyCount "191"]
[EventDate "2023.01.10"]
[EventType "tourn"]
[EventCountry "NED"]
[SourceTitle "playchess.com"]
[Source "ChessBase"]
[SourceQuality "1"]

1. e4 e5 2. Nf3 Nc6 3. Bb5 a6 4. Ba4 Nf6 5. O-O Be7 6. Re1 b5 7. Bb3 O-O 8. d3 d6 9. c3 Na5 10. Bc2 c5 11. h3 Nc6 12. Nbd2 h6 13. a4 b4 14. d4 bxc3 15. bxc3 cxd4 16. cxd4 exd4 17. Bb2 Rb8 18. Nxd4 Bd7 19. Nxc6 Bxc6 20. Bd4 Nd7 21. Nc4 Rb4 22. Qe2 Bf6 23. Red1 Bxd4 24. Rxd4 Qg5 25. Rdd1 Ne5 26. Nxd6 g6 27. Rab1 Rxb1 28. Rxb1 Bd7 29. Rf1 Qf6 30. Qd2 g5 31. f4 gxf4 32. Rxf4 Qg5 33. Kh2 Bxh3 34. Kxh3 Rd8 35. g3 Qg6 36. Qd5 Qxd6 37. Rf5 Qxd5 38. exd5 Rxd5 39. Bb3 Rd3 40. Rxe5 Rxb3 41. a5 Kg7 42. Rc5 Re3 43. Kh4 Re6 44. g4 Rg6 45. Kh5 Rd6 46. g5 hxg5 47. Kxg5 Rf6 48. Kg4 Kf8 49. Kg5 Rd6 50. Kf5 Ke7 51. Ke4 Re6+ 52. Kf4 Kd7 53. Rf5 f6 54. Rh5 Kc6 55. Rf5 Kd6 56. Kf3 Ke7 57. Kf4 Re1 58. Rh5 Kd6 59. Rh2 Re5 60. Rd2+ Ke6 61. Ra2 Rf5+ 62. Kg4 Rd5 63. Ra1 Rd4+ 64. Kh5 Re4 65. Ra2 Re1 66. Kg4 f5+ 67. Kf3 Re5 68. Ra4 Rb5 69. Kf4 Kd6 70. Ra1 Rc5 71. Rb1 Rxa5 72. Rb6+ Kc5 73. Rf6 Kc4 74. Rc6+ Kb5 75. Rf6 Ra4+ 76. Kf3 Ra3+ 77. Ke2 Ra2+ 78. Ke1 Ra1+ 79. Ke2 Ra2+ 80. Ke1 Rc2 81. Rxf5+ Kb4 82. Kd1 Rc4 83. Rf8 a5 84. Rb8+ Ka3 85. Rb5 a4 86. Kd2 Ka2 87. Rb8 Rh4 88. Kc2 Rh2+ 89. Kc1 a3 90. Rb7 Rb2 91. Rc7 Rb6 92. Rc2+ Ka1 93. Rc3 Ka2 94. Rc2+ Kb3 95. Kb1 Rd6 96. Rb2+ 1/2-1/2